000 00274nam a2200121Ia 4500
008 220204s9999 xx 000 0 und d
082 _a633.71
_bGOP
100 _aGOPALACHARI, N C
245 0 _aTobacco
260 _aNew Delhi
_bICAR
_c1984
650 _aTobacco
942 _cBK
999 _c39170
_d39170